Orientaciones para la celebración del [V Centenario del Descubrimiento y Evangelización de América] (Record no. 12430)

MARC details
000 -LEADER
campo de control de longitud fija 00901nam a2200181 i 4500
001 - NÚMERO DE CONTROL
campo de control 12430
003 - IDENTIFICADOR DE NÚMERO DE CONTROL
campo de control ES-MaACL
005 - FECHA Y HORA DE LA ÚLTIMA TRANSACCIÓN
campo de control 20250830014728.0
008 - DATOS DE LONGITUD FIJA--INFORMACIÓN GENERAL
campo de control de longitud fija 930113s1988 sp |||| | spa d
080 ## - NÚMERO DE LA CLASIFICACIÓN DECIMAL UNIVERSAL
Número de la Clasificación Decimal Universal 266
110 2# - ENTRADA PRINCIPAL--NOMBRE DE ENTIDAD CORPORATIVA
Nombre de entidad corporativa o nombre de jurisdicción como elemento de entrada Conferencia Episcopal Española.
Unidad subordinada Comisión Episcopal para el V Centenario del Descubrimiento y Evangelización de América
9 (RLIN) 3174
245 10 - MENCIÓN DEL TÍTULO
Título Orientaciones para la celebración del [V Centenario del Descubrimiento y Evangelización de América]
Resto del título : guía /
Mención de responsabilidad, etc. Conferencia Episcopal Española, Comisión Episcopal para la celebración de V Centenario del Descubrimiento y Evangelización de América.
260 ## - PUBLICACIÓN, DISTRIBUCIÓN, ETC.
Lugar de publicación, distribución, etc. Madrid :
Nombre del editor, distribuidor, etc. Comisión Episcopal para la Celebración del V Centenario del Descubriento y Evangelización,
Fecha de publicación, distribución, etc. 1988.
300 ## - DESCRIPCIÓN FÍSICA
Extensión 127 p ;
Dimensiones 21 cm.
650 14 - PUNTO DE ACCESO ADICIONAL DE MATERIA--TÉRMINO DE MATERIA
Término de materia o nombre geográfico como elemento de entrada Evangelización-
Subdivisión geográfica América latina.
9 (RLIN) 12619
852 ## - LOCALIZACIÓN
Ubicación ES-MaACL
Número de control de estantería L-19805
Holdings
Estatus retirado Estado de pérdida Estado de daño No para préstamo Biblioteca de origen Biblioteca actual Ubicación en estantería Fecha de adquisición Fuente de adquisición Total de préstamos Signatura topográfica completa Código de barras Visto por última vez Precio de reemplazo Tipo de ítem Koha
        Biblioteca del Ateneo de Madrid Biblioteca del Ateneo de Madrid Depósito 2 17/01/2008     L-19805 1012665 23/02/2023 23/02/2023 Libro impreso